=LDR 00000nam 2200000 4500 =001 INLIS000000000054400 =005 20200123124032 =035 ##$$a 0010-0120000178 =007 ta =008 200123###########################0#ind## =020 ##$$a 978-979-794-591-6 =082 ##$$a 899.221 3 =084 ##$$a 899.221 3 LAN y =100 #$$a Lani Utami =245 1#$$a Yang kedua /$c Lani Utami =260 ##$$a Jakarta :$b Media kita,$c 2019 =300 ##$$a vi, 94 hlm. ; $c 19 Cm. =600 #4$$a Fiksi indonesia =990 ##$$a 07180718 =990 ##$$a 07180718 =990 ##$$a 07180718 =990 ##$$a 07180718 =990 ##$$a 61901106 =990 ##$$a 6202000718 =990 ##$$a 6202000719 =990 ##$$a 6202000720 =990 ##$$a 61901107 =990 ##$$a 6202000718 =990 ##$$a 6202000719 =990 ##$$a 61901106 =990 ##$$a 61901108 =990 ##$$a 6202000718 =990 ##$$a 61901107 =990 ##$$a 61901106 =990 ##$$a 61901109 =990 ##$$a 61901108 =990 ##$$a 61901107 =990 ##$$a 61901106 =990 ##$$a 61901106 =990 ##$$a 61901109 =990 ##$$a 61901108 =990 ##$$a 61901107 =990 ##$$a 61901107 =990 ##$$a 61901109 =990 ##$$a 61901108 =990 ##$$a 61901106 =990 ##$$a 61901108 =990 ##$$a 61901109 =990 ##$$a 61901107 =990 ##$$a 61901106 =990 ##$$a 61901109 =990 ##$$a 61901108 =990 ##$$a 61901107 =990 ##$$a 61901106